000 01259cam a2200133 4500500
005 20251214002157.0
041 _afre
042 _adc
100 1 0 _aMarin, Claire
_eauthor
245 0 0 _aViolences de la maladie, violence de la vie - 2e éd
260 _bArmand Colin,
_c2015.
520 _aDans la maladie, le sujet fait l'expérience d'une violence démultipliée, l'assaillant de toutes parts. Violence faite au corps, par le mal et les traitements ; violence symbolique des discours, des regards et des jugements infligés au patient par la société et le milieu médical. Violence d'une marginalisation qui redouble la solitude d'un malade emprisonné dans sa souffrance. Pourtant, la philosophie est largement passée à côté de cette violence. Elle n'aborde en général cette épreuve existentielle que de biais. comme paradigme pour penser l'anormal. Ce détour est significatif d'un malaise, celui de la pensée face à une violence inhérente au vivant lui-même.Comment appréhender ce pouvoir destructeur de la vie ? En quoi nous oblige-t-il à repenser entièrement le soin ? Pour quel bénéfice ?
856 4 1 _uhttps://stm.cairn.info/violences-de-la-maladie-violence-de-la-vie--9782200602864?lang=fr&redirect-ssocas=7080
999 _c1566774
_d1566774